000 01552nam a2200397Ia 4500
001 dia_5718
003 CHAP
005 20240315090336.0
007 ta
008 220117s2008 mx ad f 001 0 spa d
040 _cCHAP
_amxchpua
090 _aT.C.471
_bM45 SAI
_c2008
245 1 0 _aEstudio del sistema agroindustrial maíz en el estado de Campeche /
_ccoordinadores Amilcar Renan Mejenes Quijano y Hermilo Sánchez Domínguez ; colaboradores Javier Becerra López...[y otros]
260 _aMéxico :
_bEl Autor,
_c2008
300 _a37 hojas :
_bilustraciones. tablas, gráficas
336 _2rdacontent
_atexto
_btxt
337 _2rdamedia
_ano mediado
_bn
338 _2rdacarrier
_avolumen
_bnc
500 _aGrado: 6° año Grupo: 04
502 _aViaje de Estudios
_b(SAI) --
_cUACh. Departamento de Ingeniería Agroindustrial,
_d2008
504 _aBibliografía: hoja 34
650 1 3 _aMaíz
_9159436
_zMéxico
_zCampeche
650 1 3 _aProductos derivados del maíz
_9154075
650 1 3 _aCorn products
_9154074
650 1 3 _aCorn
_9159435
_zMexico
_zCampeche
700 1 _aMejenes Quijano, Amilcar Renán
_9147387
_ecoordinador
700 1 _aSánchez Domínguez, Hermilo
_9159438
_ecoordinador
700 1 _aBecerra López, Javier
_911137
_ecolaborador
856 4 2 _uhttp://10.13.5.2/ve/TC471SAI/TC471SAI2008-REPORTE.pdf
_yDESCARGAR REPORTE
901 _aT.C.471 M45 SAI 2008
902 _aM
905 _a5232272008 mx imnl8223123322spa16
942 _2local
942 _cVE
999 _c176735
_d176735